Schlesisches Landesbewusstsein im 17. und 18. Jahrhundert
| Titel: | Schlesisches Landesbewusstsein im 17. und 18. Jahrhundert : Krzysztof Ruchniewicz zum 27. Januar 2017 / Arno Herzig |
|---|---|
| Verfasser: | |
| In: |
Schlesische Geschichtsblätter, Band 43, Heft 3 (2016), Seite 77-81 alle Artikel anzeigen |
| Veröffentlicht: | 2016 |
| Format: | Aufsatz |
| Sprache: | Deutsch |
X
alg: 43123175 001A $03025:16-05-18 001B $01999:16-05-18 $t22:52:27.000 001C $03025:16-05-18 $t16:15:35.000 001D $03025:16-05-18 001U $0utf8 001X $00 002@ $0Aou 002C $aText $btxt $2rdacontent 002D $aohne Hilfsmittel zu benutzen $bn $2rdamedia 002E $aBand $bnc $2rdacarrier 003@ $0431231753 007A $0431231753 $aHEB 010@ $ager 010E $erda 011@ $a2016 021A $aSchlesisches Landesbewusstsein im 17. und 18. Jahrhundert $dKrzysztof Ruchniewicz zum 27. Januar 2017 $hArno Herzig 028A $BVerfasser $4aut $7119487160 $8Herzig, Arno$Z1937- [Tp1] $9087826828 031A $d43 $e3 $h77-81 $j2016 039B $aEnthalten in $8--Abvc--. Schlesische Geschichtsblätter. - Karlstadt : Verein für Geschichte Schlesiens, 1908-. - ISSN 2190-4871 $x201600000430003923 $9047349034 044K $RPolen $RNiederschlesien $ROberschlesien $RNiederschlesien $ROberschlesien $#Schlesien $#Schlesien $#Herzogtum Schlesien $#Herzogtum Schlesien Schlesien $#Provinz Schlesien $#Śla̜sk $#Slezsko $#Silesia $74052678-1 $8Schlesien [Tg1] $9085146781 044K $RIdentität $#Regionalism $#Régionalisme $#regionale Identität $#Lokale Identität $#Regionalbewusstsein $74275671-6 $8Regionale Identität [Ts1] $9086480685 044K $RBürgertum $#Middle class $#Bourgeoisie $74122925-3 $8Bildungsbürgertum [Ts1] $9085404039 045R $aGeschichte 1600-1800 045T $a7,41 $a8,1 $a9,10 lok: 43123175 78 exp: 43123175 78 1 #EPN 201B/01 $024-07-23 $t15:12:37.000 201C/01 $016-05-18 201U/01 $0utf8 203@/01 $01021995827 208@/01 $a16-05-18 $be 209A/01 $a/ $f000 $x00 209A/01 $ab*p $x01 209S/01 $uhttps://www.vfgs.eu/index.php?cat=Publikationen%20ab%201971&file=Schlesisches_Landesbewusstsein_im_17_und_18_Jahrhundert.pdf $XH 220C/01 $apgar 244Z/01 $#Generalgouvernement Polen $#Polska $#Rzeczpospolita Polska $#Polska Rzeczpospolita Ludowa $#Poland $#Pologne $#République Polonaise $#Generalne Gubernatorstwo w Polsce $#Polish People's Republic $#Polska Rzeczpospolita Polen $#PRL $#RP $#Polen Generalgouvernement $#Polska Generalgouvernement $#Besetzte Polnische Gebiete $#Besetztes Gebiet in Polen $#Okupowane Polskie Obszary $#Obszary Okupowane w Polsce $#Volksrepublik Polen $#Polska Rosyjska $#Republic Polen $#Respublika Pol'ša $#Pol'skaja Narodnaja Respublika $#République de Pologne $#Polen Links der Weichsel $#Polska po Lewej Stronie Wisły $#Lenkija $#Polija $#Gubernija Carstva Pol'skago $#Republik Polen $74046496-9 $8--Tg1--Polen $x01 $9085129801 244Z/01 $#Schlesien $#Schlesien $#Herzogtum Schlesien $#Herzogtum Schlesien Schlesien $#Provinz Schlesien $#Śla̜sk $#Slezsko $#Silesia $74052678-1 $8--Tg1--Schlesien $x02 $9085146781 244Z/01 $#Electronic publications $#Publications électroniques $#Elektronische Publikation $#Computerdatei Formschlagwort $#Datei Formschlagwort $#Elektronisches Dokument $#Magnetband Formschlagwort $#Magnetbandkassette Formschlagwort $#Elektronische Ressource $#Digitale Publikation $74514269-5 $8--Ts1--Elektronische Publikation $x21 $9089274407 247C/01 $82080>Marburg/Lahn, Herder-Institut, Forschungsbibliothek, Bibliographieportal $9336309341
| LEADER | 00000caa a2200000 c 4500 | ||
|---|---|---|---|
| 001 | 431231753 | ||
| 003 | DE-603 | ||
| 005 | 20180516225227.0 | ||
| 007 | tu | ||
| 008 | 180516s2016 xx |||| | u00||u|ger c | ||
| 035 | |a (DE-599)HEB431231753 | ||
| 040 | |a DE-603 |b ger |c DE-603 |d DE-603 |e rda | ||
| 041 | |a ger | ||
| 084 | |a 7,41 |a 8,1 |a 9,10 |2 ssgn | ||
| 100 | 1 | |a Herzig, Arno |d 1937- |e Verfasser |4 aut |0 (DE-603)087826828 |0 (DE-588)119487160 |2 gnd | |
| 245 | 0 | 0 | |a Schlesisches Landesbewusstsein im 17. und 18. Jahrhundert |b Krzysztof Ruchniewicz zum 27. Januar 2017 |c Arno Herzig |
| 264 | 0 | |c 2016 | |
| 336 | |a Text |b txt |2 rdacontent | ||
| 337 | |a ohne Hilfsmittel zu benutzen |b n |2 rdamedia | ||
| 338 | |a Band |b nc |2 rdacarrier | ||
| 648 | 7 | |a Geschichte 1600-1800 |2 gnd | |
| 650 | 7 | |a Regionale Identität |0 (DE-588)4275671-6 |0 (DE-603)086480685 |2 gnd | |
| 650 | 7 | |a Bildungsbürgertum |0 (DE-588)4122925-3 |0 (DE-603)085404039 |2 gnd | |
| 651 | 7 | |a Schlesien |0 (DE-588)4052678-1 |0 (DE-603)085146781 |2 gnd | |
| 773 | 0 | 8 | |i Enthalten in |t Schlesische Geschichtsblätter |d Karlstadt : Verein für Geschichte Schlesiens, 1908- |h 24 cm |x 2190-4871 |g Band 43, Heft 3 (2016), Seite 77-81 |w (DE-603)047349034 |w (DE-600)216898-4 |
| 924 | 0 | |9 2080 |a (DE-603)1021995827 |b DE-2080 |c HES |d d |g / |k https://www.vfgs.eu/index.php?cat=Publikationen%20ab%201971&file=Schlesisches_Landesbewusstsein_im_17_und_18_Jahrhundert.pdf | |


